Państwa leżące najbliżej Cypru - Statystyki

Ogólne statystyki
  • Ten quiz został rozwiązany 4 563 razy
  • Średni wynik to 16 z 20
Statystyki odpowiedzi
km Państwo % Poprawnych
76 Turcja
99%
264 Grecja
97%
352 Egipt
93%
228 Izrael
91%
463 Irak
85%
893 Iran
84%
103 Syria
84%
846 Bułgaria
82%
471 Arabia Saudyjska
80%
170 Liban
80%
756 Libia
79%
887 Gruzja
78%
291 Jordania
78%
1158 Albania
77%
935 Armenia
76%
1070 Macedonia Północna
76%
1079 Azerbejdżan
74%
970 Rosja
69%
999 Rumunia
64%
288 Palestyna
58%
Nie znaleziono quizów pasujących do podanych kryteriów
Rozkład punktacji
Procent ludzi z każdym wynikiem
Percentyl według liczby udzielonych odpowiedzi
Twoja historia wyników
Nie rozwiązałeś tego quizu